000 00221nam a22000857a 4500
008 170220b xxu||||| |||| 00| 0 eng d
100 _92913
_aCBSE
245 _aSenior School Curriculum-2012-V-1
260 _aNew Delhi
_bCBSE
_c2010
999 _c6150
_d6150